000 01142nam a2200253Ia 4500
001 18130
003 GE_BSU
008 181216s||||||||xx |||||||||||||| ||und||
020 _a9789941102820
040 _cGE_BSU
080 _a811.353.31(036)
100 _aჩიქობავა, არნოლდ
245 _aშრომები = Works = Труды. ტ.1.
245 _cტომის რედ. ა. არაბული
250 _aარნოლდ ჩიქობავას სახ.ენათმეცნიერების ინ-ტი. ივანე ჯავახიშვილის სახ. თბილისის სახ-ფო უნ-ტი
260 _aთბილისი
260 _bარნოლდ ჩიქობავას ენათმეცნიერების ინ-ტი
260 _c2010
300 _a643გვ.25სმ. 1 ფოტო
541 _h25ლ.
653 _aმარტივი წინადადების პრობლემა ქართულში
653 _aქართველური ენები
942 _cBK
999 _c51171
_d51171